Κατάλογος Βιβλιοθηκών Mediterranean College

Little book of Dior : (Record no. 9964)

MARC details
000 -LEADER
fixed length control field 01500nam a22002657a 4500
003 - ΤΑΥΤΟΤΗΤΑ ΤΟΥ ΑΡΙΘΜΟΥ ΕΛΕΓΧΟΥ
Πεδίο ελέγχου GR-AtMCL
005 - ΗΜΕΡΟΜΗΝΙΑ ΚΑΙ ΩΡΑ ΤΕΛΕΥΤΑΙΑΣ ΕΝΗΜΕΡΩΣΗΣ
Πεδίο ελέγχου 20251126114412.0
006 - FIXED-LENGTH DATA ELEMENTS--ADDITIONAL MATERIAL CHARACTERISTICS
Πεδίο ελέγχου σταθερού μήκους a|||||r|||||||||||
008 - FIXED-LENGTH DATA ELEMENTS--GENERAL INFORMATION
Πεδίο ελέγχου σταθερού μήκους t20202020enka b 001 0beng d
020 ## - ISBN
ISBN 9781787393776
040 ## - ΠΗΓΗ ΚΑΤΑΛΟΓΟΓΡΑΦΗΣΗΣ
Φορέας πρωτότυπης καταλογογράφησης MC Athens Campus Library
Γλώσσα καταλογογράφησης Αγγλικά
Modifying agency MC Athens Campus Library
Κανόνες περιγραφικής καταλογογράφησης AACR2
100 ## - MAIN ENTRY--PERSONAL NAME
Personal name Homer, Karen
9 (RLIN) 10161
245 10 - ΤΙΤΛΟΣ ΚΑΙ ΔΗΛΩΣΗ ΥΠΕΥΘΥΝΟΤΗΤΑΣ
Τίτλος Little book of Dior :
Remainder of title the story of the iconic fashion house /
Statement of responsibility, etc. Karen Homer.
264 #1 - PRODUCTION, PUBLICATION, DISTRIBUTION, MANUFACTURE, AND COPYRIGHT NOTICE
Place of production, publication, distribution, manufacture London :
Name of producer, publisher, distributor, manufacturer Welbeck,
Date of production, publication, distribution, manufacture, or copyright notice 2020.
300 ## - PHYSICAL DESCRIPTION
Extent 160 p. :
Other physical details ill. ;
Διαστάσεις 19 cm
490 0# - SERIES STATEMENT
Δήλωση σειράς Little guides to style collection
504 ## - ΣΗΜΕΙΩΣΗ ΒΙΒΛΙΟΓΡΑΦΙΑΣ κλπ.
Σημείωση βιβλιογραφίας, κλπ. Includes bibliographical references and index.
520 ## - SUMMARY, ETC.
Summary, etc. Christian Dior's spectacular rise to the upper echelons of the Parisian fashion world is one of the most compelling stories of twentieth-century fashion. Dior's debut collection in 1947 invented the New Look silhouette and revolutionized the way women dressed, shopped and saw themselves. Recounting Christian Dior's early life, the brand's inception, the triumphs of the couture collections on the catwalk and the red carpet, and the fashion house's evolution under Christian Dior's creative direction successors - Yves Saint Laurent, Marc Bohan, Gianfranco Ferre, John Galliano, Bill Gaytten, Raf Simons and Maria Grazia Chiuri - Little Book of Dior is a stylish gift for any lover of fashion.
600 10 - SUBJECT ADDED ENTRY--PERSONAL NAME
Personal name Dior, Christian.
650 #0 - SUBJECT ADDED ENTRY--TOPICAL TERM
Topical term or geographic name entry element Fashion design
Geographic subdivision France
General subdivision History.
650 #0 - SUBJECT ADDED ENTRY--TOPICAL TERM
Topical term or geographic name entry element Fashion design
9 (RLIN) 10081
650 #0 - SUBJECT ADDED ENTRY--TOPICAL TERM
Topical term or geographic name entry element Fashion
9 (RLIN) 9926
942 ## - ADDED ENTRY ELEMENTS (KOHA)
Koha item type Books
Holdings
Τύπος τεκμηρίου Βιβλιοθήκη Τρέχουσα τοποθεσία Barcode Αριθμός εισαγωγής Ημερομηνία απόκτησης Ταξιθετικό σύμβολο Αριθμός αντιτύπου Κατάσταση απόσυρσης Κατάσταση χαμένου Κατάσταση κατεστραμμένου Μη δανεισμός Σύνολο δανεισμών Ημερομηνία τελευταίας εμφάνισης Η τιμή ισχύει από
Books MC Athens Campus Library MC Athens Campus Library 9780000099686 8170 26/11/2025 746.92092 HOM 1       Συλλογή προσωπικού   26/11/2025 26/11/2025

MC Athens Campus Library
Πατησίων 94 & Κοδριγκτώνος 13, 104 34
Πελλήνης 8 & Πατησίων 107, 112 51
Τ: +30 210 8899600

MC Thessaloniki Campus Library
Ίωνος Δραγούμη 21, 54625 | Ίωνος Δραγούμη 15, 54625
Τ: +30 2310 287779 – Τ: +30 2314 440300